Demand Forecasting for Managers (Record no. 46546)

MARC details
000 -LEADER
fixed length control field 00470nam a22001817a 4500
005 - DATE AND TIME OF LATEST TRANSACTION
control field 20260513115807.0
008 - FIXED-LENGTH DATA ELEMENTS--GENERAL INFORMATION
fixed length control field 260513b |||||||| |||| 00| 0 eng d
020 ## - INTERNATIONAL STANDARD BOOK NUMBER
International Standard Book Number 9781606495025
041 ## - LANGUAGE CODE
Language code of text/sound track or separate title Eng
082 ## - DEWEY DECIMAL CLASSIFICATION NUMBER
Classification number 330.0112 KOL
100 ## - MAIN ENTRY--PERSONAL NAME
Author Kolassa; Stephan
245 ## - TITLE STATEMENT
Title Demand Forecasting for Managers
260 ## - PUBLICATION, DISTRIBUTION, ETC.
Place New York
Publisher Business Expert Press
Publication Year 2016
300 ## - PHYSICAL DESCRIPTION
Extent 158;. P. 22 cm
650 ## - SUBJECT ADDED ENTRY--TOPICAL TERM
Subject Economic Forecasting
700 ## - ADDED ENTRY--PERSONAL NAME
Co-Author Siemsen; Enno
942 ## - ADDED ENTRY ELEMENTS (KOHA)
Koha item type Books
Holdings
Withdrawn status Lost status Source of classification or shelving scheme Damaged status Not for loan Home library Current library Shelving location Accession Date Vendor Price Bill number Total Checkouts Full call number Barcode No Date last seen Discount Cost, replacement price Bill Date Koha item type Suggested By
    Dewey Decimal Classification     IMTN IMTN Rack 7-A 05/13/2026 Raghav Books Private Limited 2093.45 2630   330.0112 KOL 34013 05/13/2026 33 1402.61 04/30/2026 Books Recommended by Dr Veena Pailwar
Designed & Maintained by: LRC IMT Nagpur Contact: lrc@imtnag.ac.in© 2024. All Rights Reserved.